|
|
|
|
| LEADER |
00000nam a22000007a 4500 |
| 005 |
20220812013646.0 |
| 007 |
cr|||| |||| |
| 008 |
220812s2019 br |||||s|||| 00||0 por d |
| 020 |
|
|
|a 978-85-93741-41-8
|
| 035 |
|
|
|a 36815
|
| 040 |
|
|
|a vLex
|
| 090 |
|
|
|c 13689
|d 13689
|
| 100 |
1 |
|
|a de Moraes Mello, Cleyson
|
| 245 |
1 |
0 |
|a Estudos em Homenagem ao Professor Doutor Jos ̌Rogřio Moura de Almeida Filho
|h [Recurso electrn̤ico] :
|b Sad︢e, Direito, Educaȯ̂, Inovaȯ̂ e Cidadania /
|c Cleyson de Moraes Mello, Jos ̌Rogřio Moura de Almeida Neto, Regina Pentagna Petrillo
|
| 256 |
|
|
|a Servicio en ln̕ea
|
| 260 |
|
|
|a Rio de Janeiro:
|b Editora Processo,
|c 2019
|
| 300 |
|
|
|a 1 recurso electrn̤ico
|
| 500 |
|
|
|a É com grande prazer, extremamente honrado, que prefacio a presente obra que, muito justamente, homenageia o Doutor Jos ̌Rogřio Moura de Almeida Filho. H ̀dez anos tenho o especial privilǧio de convier e trabalhar sob suas ordens, como diretor geral do Centro de Ensino Superior de Valenȧ - CESVA. Neste tempo, pude acompanhar sua luta incansv̀el, sua extrema dedicaȯ̂ e incomum sacrifc̕io pessoal, para salvar e projetar a Fundaȯ̂ D. Andr ̌Arcoverde - FAA e, consequentemente, o CESVA, uma vez que ele assumira a presidn̊cia da FAA em momento de graves dificuldades e desafios de toda ordem, problemas que indicavam e exigiam do presidente muita capacidade e muito trabalho para nô interromper a trajetr̤ia de uma Instituiȯ̂ de ensino que, tradicionalmente, vem, ao longo de mais de 50 anos, prestando relevantes serviȯs e impondo-se como fundamental ̉vida educacional, social e cultural nô somente de Valenȧ, como tambm̌ do Estado do Rio de Janeiro e do Brasil, uma vez que tem em seus quadros discentes jovens oriundos de mais de duas centenas de cidades do nosso pas̕.
|
| 506 |
1 |
|
|a Disponible solo en los productos indicados
|d vLex Global
|d vLex Global (Academic Edition, excluding Law Schools)
|d vLex Global (U.S. Academic Edition, Law Schools)
|d vLex Global (U.S. Academic Edition, excluding Law Schools)
|d vLex Global (Academic Edition, Law Schools)
|
| 650 |
0 |
4 |
|a Humanidades
|z Brasil
|
| 700 |
1 |
|
|a Moura de Almeida Neto, Jos ̌Rogřio
|
| 700 |
1 |
|
|a Pentagna Petrillo, Regina
|
| 740 |
0 |
|
|a vLex Libros (Servicio en ln̕ea)
|
| 856 |
4 |
0 |
|u https://app.vlex.com/#/sources/36815
|z Acceso restringido
|
| 942 |
|
|
|c BOOK
|
| 999 |
0 |
|
|a Humanities
|